Wehikuły pamięci

Titel: Wehikuły pamięci : przeszłość i władza w dawnym Krakowie : (do końca XVIII w.) = Vehicles of memory : the past and power in Old Krakow (until the end of the 18th century) / Piotr Okniński
Verfasser:
Ausgabe: Wydanie I
Veröffentlicht: Warszawa : Wydawnictwa Uniwersytetu Warszawskiego, 2023
Umfang: 266 Seiten : Illustrationen, Tabellen ; 21 cm
Format: Buch
Sprache: Polnisch
Schlagworte:
Andere Ausgaben: Erscheint auch als Online-Ausgabe, EPUB
Erscheint auch als Online-Ausgabe, PDF
Erscheint auch als Online-Ausgabe, MOBI
ISBN: 9788323561590
Buchumschlag
X
alg: 51886603
001A    $03004:06-06-24 
001B    $01999:04-12-25 $t22:14:33.000 
001D    $03004:06-06-24 
001U    $0utf8 
001X    $00 
002@    $0Aau 
002C    $aText $btxt $2rdacontent 
002D    $aohne Hilfsmittel zu benutzen $bn $2rdamedia 
002E    $aBand $bnc $2rdacarrier 
003@    $0518866033 
003O    $01420362488 $aOCoLC 
004A    $A978-83-235-6159-0 
007A    $0BV049507201 $aBVB 
007G    $0DE020F662A61FBF029752C1258B5F003AB59B 
009P    $qapplication/pdf $A2 $3Inhaltsverzeichnis $uhttp://scans.hebis.de/HEBCGI/show.pl?51886603_toc.pdf $mV:DE-603;B:DE-Mb50 
009P    $qapplication/pdf $A2 $3Cover $uhttp://scans.hebis.de/HEBCGI/show.pl?51886603_cov.pdf $mV:DE-603;B:DE-Mb50 
009P    $qapplication/pdf $A2 $3Register $uhttp://scans.hebis.de/HEBCGI/show.pl?51886603_idx.pdf $mV:DE-603;B:DE-Mb50 
009P    $qapplication/pdf $A2 $3Abstract $uhttp://scans.hebis.de/HEBCGI/show.pl?51886603_sum.pdf $mV:DE-603;B:DE-Mb50 
010@    $apol 
010E    $erda 
011@    $a2023 $n2023 
021A    $aWehikuły pamięci $dprzeszłość i władza w dawnym Krakowie : (do końca XVIII w.) $fVehicles of memory $fthe past and power in Old Krakow (until the end of the 18th century) $hPiotr Okniński 
028A    $BVerfasser $4aut $8Okniński, Piotr$Z1989- [Tp3] $9454793030 
032@    $aWydanie I 
033A    $pWarszawa $nWydawnictwa Uniwersytetu Warszawskiego 
034D    $a266 Seiten 
034I    $a21 cm 
034M    $aIllustrationen, Tabellen 
037A    $aLiteraturverzeichnis Seite 214-252 
039D    $aErscheint auch als $z978-83-235-6175-0 $nOnline-Ausgabe, EPUB 
039D    $aErscheint auch als $z978-83-235-6167-5 $nOnline-Ausgabe, PDF 
039D    $aErscheint auch als $z978-83-235-6183-5 $nOnline-Ausgabe, MOBI 
044K    $#Krakau $#Kraków $#Krakow $#Cracovie $#Cracovia $#Cracow $#Krakoi $#Krakov $#Cracov $74073760-3 $8Krakau [Tg1] $9085207705 
044K    $RElite $RPolitiker $RPolitische Führung $#Political leadership $#Classes dirigeantes $#herrschende Klasse $#politische Elite $#Politische Elite $#Herrschaftselite $#Machtelite $#Politische Führungsschicht $#Politische Klasse $#Herrschende Klasse $#Elite Politik $#Politische Eliten $74076219-1 $8Politische Elite [Ts1] $9085216089 
045F    $a909 $eDDC23BSB 
045F/01 $a909 
045F/03 $f0902 
045F/03 $f0903 
045F/03 $g438 
045R    $aGeschichte Anfänge-1800 
045T    $aOST $qDE-12 $2FID 
046L    $aText polnisch. Zusammenfassung englisch 

lok: 51886603 24

exp: 51886603 24 1 #EPN
201B/01 $011-07-24 $t10:34:20.000 
201C/01 $006-06-24 
201U/01 $0utf8 
203@/01 $0126463286X 
208@/01 $a11-07-24 $bz 
209A/01 $a24.03294 $du $f050 $h24 03294 $x00 
209C/01 $a24.03294 K $h24 03294 K 
209G/01 $a74890318 $x00 
220C/01 $ahae 
247C/01 $8358050-7 Marburg, Bibliothek des Herder-Instituts Marburg $9102600961 

lok: 51886603 78

exp: 51886603 78 1 #EPN
201B/01 $003-07-24 $t12:40:07.000 
201C/01 $003-07-24 
201U/01 $0utf8 
203@/01 $01266247254 
208@/01 $a03-07-24 $be 
209A/01 $a/ $f000 $x00 
209A/01 $ab*p $x01 
220C/01 $apgar 
244Z/01 $#Generalgouvernement Polen $#Polska $#Rzeczpospolita Polska $#Polska Rzeczpospolita Ludowa $#Poland $#Pologne $#République Polonaise $#Generalne Gubernatorstwo w Polsce $#Polish People's Republic $#Polska Rzeczpospolita Polen $#PRL $#RP $#Polen Generalgouvernement $#Polska Generalgouvernement $#Besetzte Polnische Gebiete $#Besetztes Gebiet in Polen $#Okupowane Polskie Obszary $#Obszary Okupowane w Polsce $#Volksrepublik Polen $#Polska Rosyjska $#Republic Polen $#Respublika Pol'ša $#Pol'skaja Narodnaja Respublika $#République de Pologne $#Polen Links der Weichsel $#Polska po Lewej Stronie Wisły $#Lenkija $#Polija $#Gubernija Carstva Pol'skago $#Republik Polen $74046496-9 $8--Tg1--Polen $x01 $9085129801 
247C/01 $82080>Marburg/Lahn, Herder-Institut, Forschungsbibliothek, Bibliographieportal $9336309341
LEADER 00000cam a2200000 c 4500
001 518866033
003 DE-603
005 20251204221433.0
007 tu
008 240606s2023 xx |||| | u00||u|pol c
020 |a 9788323561590 
035 |a (DE-599)BVBBV049507201 
035 |a (OCoLC)1420362488 
040 |a DE-603  |b ger  |c DE-603  |d DE-603  |e rda 
041 |a pol 
082 0 4 |8 1\u  |a 909  |q DE-101  |2 23/BSB 
084 |a OST  |q DE-12  |2 fid 
085 |8 1\u  |b 909 
085 |8 1\u  |z 1  |s 0902 
085 |8 1\u  |z 1  |s 0903 
085 |8 1\u  |z 2  |s 438 
100 1 |a Okniński, Piotr  |d 1989-  |e Verfasser  |4 aut  |0 (DE-603)454793030  |0 (DE-588)1198353902  |2 gnd 
245 0 0 |a Wehikuły pamięci  |b przeszłość i władza w dawnym Krakowie : (do końca XVIII w.) = Vehicles of memory : the past and power in Old Krakow (until the end of the 18th century)  |c Piotr Okniński 
250 |a Wydanie I 
264 1 |a Warszawa  |b Wydawnictwa Uniwersytetu Warszawskiego  |c 2023 
300 |a 266 Seiten  |b Illustrationen, Tabellen  |c 21 cm 
336 |a Text  |b txt  |2 rdacontent 
337 |a ohne Hilfsmittel zu benutzen  |b n  |2 rdamedia 
338 |a Band  |b nc  |2 rdacarrier 
500 |a Literaturverzeichnis Seite 214-252 
546 |a Text polnisch. Zusammenfassung englisch 
648 7 |a Geschichte Anfänge-1800  |2 gnd 
650 7 |a Politische Elite  |0 (DE-588)4076219-1  |0 (DE-603)085216089  |2 gnd 
651 7 |a Krakau  |0 (DE-588)4073760-3  |0 (DE-603)085207705  |2 gnd 
776 0 8 |i Erscheint auch als  |n Online-Ausgabe, EPUB  |z 9788323561750 
776 0 8 |i Erscheint auch als  |n Online-Ausgabe, PDF  |z 9788323561675 
776 0 8 |i Erscheint auch als  |n Online-Ausgabe, MOBI  |z 9788323561835 
856 4 2 |m V:DE-603;B:DE-Mb50  |q application/pdf  |u http://scans.hebis.de/HEBCGI/show.pl?51886603_toc.pdf  |3 Inhaltsverzeichnis 
856 4 2 |m V:DE-603;B:DE-Mb50  |q application/pdf  |u http://scans.hebis.de/HEBCGI/show.pl?51886603_cov.pdf  |3 Cover 
856 4 2 |m V:DE-603;B:DE-Mb50  |q application/pdf  |u http://scans.hebis.de/HEBCGI/show.pl?51886603_idx.pdf  |3 Register 
856 4 2 |m V:DE-603;B:DE-Mb50  |q application/pdf  |u http://scans.hebis.de/HEBCGI/show.pl?51886603_sum.pdf  |3 Abstract 
924 0 |9 Mb 50  |a (DE-603)126463286X  |b DE-Mb50  |c HES  |d c  |g 24.03294 
924 0 |9 2080  |a (DE-603)1266247254  |b DE-2080  |c HES  |d d  |g /